[Event "British Rapidplay"]
[Site "Peterborough"]
[Date "2024.03.02"]
[Round "5"]
[White "Southcott Moyers, Indy"]
[Black "Derakhshani, Borna"]
[Result "1/2-1/2"]
[WhiteElo "2120"]
[BlackElo "2355"]
[PlyCount "116"]
[EventDate "2024.03.02"]
[EventType "swiss (rapid)"]
[EventRounds "11"]
[EventCountry "ENG"]
[SourceTitle "CB10_2024"]
[SourceDate "2024.03.06"]
[SourceVersion "1"]
[SourceVersionDate "2024.03.06"]
[SourceQuality "1"]

1. d4 Nf6 2. c4 e6 3. Nf3 b6 4. a3 Bb7 5. Nc3 d5 6. cxd5 Nxd5 7. e3 Be7 8. Bb5+ c6 9. Bd3 0-0 10. 0-0 c5 11. e4 cxd4 12. Nxd5 exd5 13. e5 Nc6 14. Bb5 Rc8 15. Bxc6 Rxc6 16. Nxd4 Rc8 17. Be3 Re8 18. f4 a5 19. Qf3 Rc4 20. Rad1 Bc5 21. Qg3 Qd7 22. Rd2 Kh8 23. Rfd1 a4 24. Nc2 Qf5 25. Bxc5 bxc5 26. Ne3 Qxf4 27. Nxc4 Qxc4 28. Rf2 d4 29. Rdf1 Bd5 30. Qf4 Qb5 31. Qg4 Rxe5 32. h3 Kg8 33. Rc1 Be6 34. Qf3 Bd5 35. Qg4 Be6 36. Qf3 g6 37. Qf6 Rd5 38. Re1 Qd7 39. Rc1 d3 40. Rd2 Qd6 41. Qf2 Rf5 42. Qe3 c4 43. Re1 h5 44. Qe4 Rg5 45. Qe3 Rg3 46. Qe5 Qb6+ 47. Kh2 h4 48. Qf4 g5 49. Qe5 Qc6 50. Re3 Rxe3 51. Qxg5+ Kf8 52. Qh6+ Ke7 53. Qxe3 Qd6+ 54. Kg1 Ke8 55. Rf2 Qc7 56. Rd2 Qd6 57. Rf2 Qc7 58. Rd2 Qd6 1/2-1/2

[Event "Titled Tuesday intern op 13th Feb Early"]
[Site "Chess.com INT"]
[Date "2024.02.13"]
[Round "1"]
[White "Ballotti, Luca"]
[Black "Derakhshani, Borna"]
[Result "0-1"]
[WhiteElo "2172"]
[BlackElo "2377"]
[PlyCount "90"]
[EventDate "2024.02.13"]
[EventType "swiss (blitz)"]
[EventRounds "11"]
[EventCountry "USA"]
[SourceTitle "CB08_2024"]
[SourceDate "2024.02.21"]
[SourceVersion "1"]
[SourceVersionDate "2024.02.21"]
[SourceQuality "1"]

1. d4 Nf6 2. Bg5 c6 3. Bxf6 exf6 4. e3 d5 5. c4 dxc4 6. Bxc4 Bb4+ 7. Nc3 0-0 8. Nge2 Nd7 9. Qc2 Nb6 10. Bd3 g6 11. h4 f5 12. h5 Nd5 13. a3 Be7 14. Nxd5 Qxd5 15. Nf4 Qd6 16. hxg6 fxg6 17. Bc4+ Kg7 18. Qc3 Bf6 19. 0-0-0 b5 20. Bb3 a5 21. Kb1 Bd7 22. e4 Qxf4 23. e5 Be7 24. Qh3 h5 25. Rd3 Qh6 26. Qf3 Rad8 27. Rc1 f4 28. Ka1 Qg5 29. Rdc3 Qg4 30. Qe4 Qf5 31. Qf3 b4 32. Rc4 bxa3 33. bxa3 Rb8 34. Ra4 Qg4 35. Qd3 Qxg2 36. Rxa5 Ra8 37. Ra4 Rxa4 38. Bxa4 Ra8 39. Qb3 Qd5 40. Qxd5 cxd5 41. Rc7 Rxa4 42. Rxd7 Kf8 43. Kb2 Rxa3 44. Rxe7 Kxe7 45. Kxa3 h4 0-1

[Event "Titled Tuesday intern op 13th Feb Early"]
[Site "Chess.com INT"]
[Date "2024.02.13"]
[Round "6"]
[White "Derakhshani, Borna"]
[Black "Silva Lucena, Cristian"]
[Result "0-1"]
[WhiteElo "2377"]
[BlackElo "2340"]
[PlyCount "58"]
[EventDate "2024.02.13"]
[EventType "swiss (blitz)"]
[EventRounds "11"]
[EventCountry "USA"]
[SourceTitle "CB08_2024"]
[SourceDate "2024.02.21"]
[SourceVersion "1"]
[SourceVersionDate "2024.02.21"]
[SourceQuality "1"]

1. e4 c6 2. d4 d5 3. e5 c5 4. dxc5 e6 5. a3 Bxc5 6. b4 Bf8 7. Nf3 Nd7 8. Bd3 a5 9. b5 Ne7 10. a4 Ng6 11. Qe2 Qc7 12. Bxg6 fxg6 13. 0-0 Be7 14. Nd4 Qxe5 15. Qd1 Bf6 16. c3 Nc5 17. Re1 Qc7 18. Ba3 0-0 19. Nd2 e5 20. N4b3 b6 21. Nxc5 bxc5 22. c4 e4 23. Rc1 Bd4 24. Rf1 Qf4 25. Qe2 Bg4 26. Qe1 e3 27. fxe3 Qxe3+ 28. Kh1 Rxf1+ 29. Nxf1 Qg1# 0-1

[Event "Titled Tuesday intern op 16th Jan Late"]
[Site "Chess.com INT"]
[Date "2024.01.16"]
[Round "2"]
[White "Derakhshani, Borna"]
[Black "Martinez Alcantara, Jose Eduardo"]
[Result "0-1"]
[WhiteElo "2369"]
[BlackElo "2610"]
[PlyCount "68"]
[EventDate "2024.01.16"]
[EventType "swiss (blitz)"]
[EventRounds "11"]
[EventCountry "USA"]
[SourceTitle "CB04_2024"]
[SourceDate "2023.10.16"]
[SourceVersion "1"]
[SourceVersionDate "2023.10.16"]
[SourceQuality "1"]

1. d4 Nf6 2. c4 e6 3. e3 c5 4. Nf3 b6 5. Nc3 Bb7 6. Be2 d6 7. 0-0 Nbd7 8. b3 Be7 9. Bb2 0-0 10. Rc1 a6 11. Ne1 Qc7 12. Bf3 Rac8 13. Bxb7 Qxb7 14. Qf3 Qb8 15. Nd3 Rfe8 16. Rfd1 h6 17. Qg3 cxd4 18. exd4 b5 19. cxb5 axb5 20. d5 e5 21. Nb4 Qb7 22. Qd3 Rc5 23. Nc6 b4 24. Na4 Rxd5 25. Qc4 Rxd1+ 26. Rxd1 d5 27. Nxe7+ Rxe7 28. Qh4 d4 29. Rc1 Re6 30. Nc5 Nxc5 31. Rxc5 Qa6 32. g4 Qxa2 33. Bc1 Qa6 34. Qg3 Ne4 0-1

[Event "Hastings Masters op"]
[Site "Hastings"]
[Date "2024.01.03"]
[Round "7"]
[White "Mikhalevski, Victor"]
[Black "Derakhshani, Borna"]
[Result "0-1"]
[WhiteElo "2524"]
[BlackElo "2380"]
[PlyCount "94"]
[EventDate "2023.12.28"]
[EventType "swiss"]
[EventRounds "9"]
[EventCountry "ENG"]
[SourceTitle "CB02_2024"]
[SourceDate "2024.01.10"]
[SourceVersion "1"]
[SourceVersionDate "2024.01.10"]
[SourceQuality "1"]

1. c4 Nf6 2. d4 e6 3. Nc3 Bb4 4. f3 c5 5. d5 d6 6. e4 b5 7. Bd2 Bxc3 8. Bxc3 b4 9. Bd2 0-0 10. Ne2 Nh5 11. Kf2 f5 12. exf5 exf5 13. g3 Qf6 14. Qc1 f4 15. Bg2 fxg3+ 16. hxg3 Qg6 17. Rh4 Nd7 18. g4 Nhf6 19. Kg1 Ne5 20. Nf4 Qf7 21. g5 Ne8 22. Kh1 Nc7 23. Qf1 Bf5 24. Re1 Rae8 25. b3 a5 26. Bh3 a4 27. Re2 axb3 28. axb3 Re7 29. Rh2 g6 30. Rxh7 Qxh7 31. Bxf5 Rxf5 32. Rxh7 Rxh7+ 33. Kg1 Rh4 34. Nxg6 Nxf3+ 35. Kg2 Rg4+ 36. Kh3 Nxg5+ 37. Kxg4 Rxf1 38. Kxg5 Kf7 39. Nh4 Ke7 40. Bf4 Ne8 41. Ng6+ Kf7 42. Nh4 Rb1 43. Nf5 Rxb3 44. Bxd6 Nxd6 45. Nxd6+ Ke7 46. Ne4 Rc3 47. d6+ Kd7 0-1

[Event "London GM-B"]
[Site "London"]
[Date "2023.12.07"]
[Round "6"]
[White "Badacsonyi, Stanley"]
[Black "Derakhshani, Borna"]
[Result "1/2-1/2"]
[WhiteElo "2054"]
[BlackElo "2380"]
[PlyCount "64"]
[EventDate "2023.12.05"]
[EventType "tourn"]
[EventRounds "9"]
[EventCountry "ENG"]
[EventCategory "5"]
[SourceTitle "CB50_2023"]
[SourceDate "2023.12.13"]
[SourceVersion "1"]
[SourceVersionDate "2023.12.13"]
[SourceQuality "1"]

1. d4 d5 2. Nc3 Nf6 3. Bf4 a6 4. e3 e6 5. Bd3 b5 6. Nf3 Bb7 7. 0-0 Nbd7 8. a3 c5 9. Re1 Be7 10. Ne5 0-0 11. Nxd7 Nxd7 12. Nb1 Qb6 13. c3 f6 14. Qh5 f5 15. Qh3 Rf7 16. g4 Raf8 17. g5 Qc6 18. Kf1 a5 19. Nd2 Ba6 20. Kg1 b4 21. Bxa6 bxc3 22. bxc3 Qxa6 23. Qf1 Qc6 24. Reb1 c4 25. a4 h6 26. h4 hxg5 27. hxg5 g6 28. Nf3 Rh7 29. Rb5 Bd8 30. Qb1 Rff7 31. Kg2 Rh5 32. Rb7 Rfh7 1/2-1/2

[Event "London GM-B"]
[Site "London"]
[Date "2023.12.07"]
[Round "5"]
[White "Rudd, Jack"]
[Black "Derakhshani, Borna"]
[Result "0-1"]
[WhiteElo "2314"]
[BlackElo "2380"]
[PlyCount "80"]
[EventDate "2023.12.05"]
[EventType "tourn"]
[EventRounds "9"]
[EventCountry "ENG"]
[EventCategory "5"]
[SourceTitle "CB50_2023"]
[SourceDate "2023.12.13"]
[SourceVersion "1"]
[SourceVersionDate "2023.12.13"]
[SourceQuality "1"]

1. d4 Nf6 2. c4 e6 3. Nf3 b6 4. g3 Ba6 5. b3 Bb4+ 6. Bd2 Be7 7. Nc3 d5 8. cxd5 exd5 9. Bg2 0-0 10. 0-0 Re8 11. Re1 Nbd7 12. Ne5 Bb7 13. Bf4 Nf8 14. Rc1 Ne6 15. Be3 a6 16. Na4 Bd6 17. h3 Nxd4 18. Nc4 Nf5 19. Bg5 Bb4 20. Rf1 Rb8 21. Ncb2 h6 22. Bxf6 Qxf6 23. Rxc7 b5 24. Nd3 Bd6 25. Rxb7 Rxb7 26. Bxd5 Rc7 27. Nab2 Qd4 28. Bg2 Ba3 29. e3 Qf6 30. Qb1 Rec8 31. Nd1 a5 32. e4 Nd4 33. Ne3 Nf3+ 34. Bxf3 Qxf3 35. Ne5 Qe2 36. Qd3 Qxd3 37. Nxd3 Rd8 38. Rd1 Rd4 39. Kf1 Rxe4 40. Nf4 Rc1 0-1

[Event "London GM-B"]
[Site "London"]
[Date "2023.12.05"]
[Round "1"]
[White "Gedajlovic, Max"]
[Black "Derakhshani, Borna"]
[Result "0-1"]
[WhiteElo "2390"]
[BlackElo "2380"]
[PlyCount "88"]
[EventDate "2023.12.05"]
[EventType "tourn"]
[EventRounds "9"]
[EventCountry "ENG"]
[EventCategory "5"]
[SourceTitle "CB50_2023"]
[SourceDate "2023.12.13"]
[SourceVersion "1"]
[SourceVersionDate "2023.12.13"]
[SourceQuality "1"]

1. e4 c5 2. Nf3 Nc6 3. Bb5 e6 4. Bxc6 bxc6 5. d3 Qc7 6. 0-0 Ne7 7. e5 Ng6 8. Re1 Be7 9. h4 f6 10. exf6 Bxf6 11. Nc3 0-0 12. g3 d6 13. Ne4 e5 14. Nfg5 h6 15. Nxf6+ Rxf6 16. Ne4 Rf7 17. Be3 Rb8 18. b3 Bf5 19. a3 Rbf8 20. b4 c4 21. Nc3 cxd3 22. cxd3 Qd7 23. d4 Bg4 24. Qd3 Nxh4 25. gxh4 Bf3 26. Kh2 Qg4 27. Qf1 exd4 28. Qh3 dxe3 29. Qxg4 Bxg4 30. fxe3 Rf3 31. Ra2 Rh3+ 32. Kg1 Rxh4 33. Rh2 Rxh2 34. Kxh2 h5 35. b5 Rf2+ 36. Kg3 Rc2 37. Ne4 d5 38. Nf2 cxb5 39. Nxg4 hxg4 40. Rd1 Rc3 41. Kf4 Rxa3 42. Rxd5 b4 43. Rb5 a5 44. Rb7 g3 0-1

[Event "Nottinghamshire Centenary"]
[Site "Nottingham"]
[Date "2023.10.31"]
[Round "4"]
[White "Beerdsen, Thomas"]
[Black "Derakhshani, Borna"]
[Result "1-0"]
[WhiteElo "2496"]
[BlackElo "2358"]
[PlyCount "51"]
[EventDate "2023.10.30"]
[EventType "tourn"]
[EventRounds "9"]
[EventCountry "ENG"]
[EventCategory "6"]
[SourceTitle "Mega2024 Update 01"]
[Source "Chessbase"]
[SourceDate "2023.11.12"]
[SourceVersion "1"]
[SourceVersionDate "2023.11.12"]
[SourceQuality "1"]

1. e4 c6 2. c4 d5 3. cxd5 cxd5 4. exd5 Nf6 5. Nc3 Nxd5 6. Nf3 Nc6 7. d4 e6 8. Bd3 g6 9. Bg5 Qa5 10. 0-0 Nxc3 11. bxc3 Bg7 12. Qd2 0-0 13. Be4 e5 14. d5 f5 15. Bc2 e4 16. dxc6 exf3 17. Bb3+ Kh8 18. Be7 bxc6 19. Bxf8 Bxf8 20. Rfe1 Ba6 21. gxf3 Qc7 22. Rad1 Bc5 23. Re6 Rf8 24. Qh6 Rg8 25. Rf6 Re8 26. Rf7 1-0

[Event "EU-Cup 38th"]
[Site "Durres"]
[Date "2023.10.05"]
[Round "5.4"]
[White "Sokolovsky, Yahli"]
[Black "Derakhshani, Borna"]
[Result "1-0"]
[WhiteElo "2447"]
[BlackElo "2358"]
[PlyCount "137"]
[EventDate "2023.10.01"]
[EventType "team-swiss"]
[EventRounds "7"]
[EventCountry "ALB"]
[SourceTitle "EXT 2024"]
[Source "ChessBase"]
[SourceDate "2023.10.10"]
[SourceVersion "1"]
[SourceVersionDate "2023.10.10"]
[SourceQuality "1"]
[WhiteTeam "Rishon Le Zzion"]
[BlackTeam "Wood Green"]
[WhiteTeamCountry "ISR"]
[BlackTeamCountry "ENG"]

1. e4 c5 2. Nf3 Nc6 3. Bb5 e6 4. Bxc6 bxc6 5. d3 Qc7 6. 0-0 e5 7. c3 d6 8. d4 cxd4 9. cxd4 Nf6 10. dxe5 dxe5 11. Nbd2 Ba6 12. Re1 Bc5 13. Nb3 Bb6 14. Be3 Rd8 15. Qc1 0-0 16. Nc5 Bc8 17. h3 Nd7 18. Qc3 Nxc5 19. Bxc5 Rfe8 20. Rac1 Re6 21. Red1 Rde8 22. Rd2 h6 23. Rcd1 Bxc5 24. Qxc5 Qb6 25. Rc1 Kh7 26. b3 g5 27. Rd3 Qb8 28. Rcd1 Qb6 29. Qc3 Qc7 30. Nh2 Rg6 31. Qc5 Qb6 32. Qe3 Kg7 33. Qg3 Qa5 34. R1d2 Ba6 35. Rd7 Bc8 36. R7d3 Ba6 37. Rc3 Qb4 38. Qe3 Bc8 39. Nf1 Rf6 40. Ng3 Kg6 41. Rdc2 Qb7 42. Qc1 Bd7 43. Qd1 Bc8 44. Rd3 Qc7 45. Rcd2 Kh7 46. Nh5 Rg6 47. Rd7 Bxd7 48. Rxd7 Qc8 49. Rxf7+ Kg8 50. Rd7 Rf8 51. Ng3 Rgf6 52. Nf5 Kh8 53. Rxa7 Rxf5 54. exf5 Qxf5 55. f3 Rf7 56. Rxf7 Qxf7 57. Qd6 Qa7+ 58. Kh2 Kh7 59. Qxc6 Qxa2 60. Qe4+ Kg7 61. Qxe5+ Kg6 62. Qd6+ Kg7 63. Qc7+ Kg6 64. b4 Qb2 65. Qc6+ Kg7 66. Qd7+ Kg6 67. Qe8+ Kh7 68. b5 Qb4 69. Qe4+ 1-0

[Event "Newcastle Northumbria Masters IM"]
[Site "Newcastle on Tyne"]
[Date "2023.08.24"]
[Round "2"]
[White "Dunnington, Angus J"]
[Black "Derakhshani, Borna"]
[Result "1/2-1/2"]
[WhiteElo "2343"]
[BlackElo "2341"]
[PlyCount "102"]
[EventDate "2023.08.24"]
[EventType "schev"]
[EventRounds "9"]
[EventCountry "ENG"]
[SourceTitle "EXT 2024"]
[Source "ChessBase"]
[SourceDate "2023.10.10"]
[SourceVersion "1"]
[SourceVersionDate "2023.10.10"]
[SourceQuality "1"]

1. Nf3 d5 2. g3 Nc6 3. d4 Bf5 4. Bg2 Nb4 5. Na3 e6 6. 0-0 Be7 7. c3 Nc6 8. Qb3 Rb8 9. c4 Nf6 10. cxd5 exd5 11. Nb5 a6 12. Nc3 0-0 13. Bg5 Na5 14. Qd1 h6 15. Bf4 Nc4 16. Ne5 Nb6 17. Qb3 Ne4 18. Rac1 Rc8 19. Rfd1 c6 20. Nxe4 Bxe4 21. Bxe4 dxe4 22. d5 cxd5 23. Rxc8 Nxc8 24. Qxb7 Qb6 25. Qxd5 Qxb2 26. Ng6 Re8 27. Rc1 Bf6 28. Rc7 Ne7 29. Rxe7 Bxe7 30. Nxe7+ Kf8 31. Nf5 Qb5 32. Qxb5 axb5 33. Bd6+ Kg8 34. Bb4 Re5 35. Nd4 Rd5 36. e3 f6 37. a3 Kf7 38. Kg2 f5 39. h3 g5 40. g4 f4 41. Nf5 Ke6 42. Nxh6 f3+ 43. Kh2 Rd1 44. Nf5 Rf1 45. Nd6 Kd5 46. Nxb5 Rxf2+ 47. Kg1 Rg2+ 48. Kf1 Kc4 49. Nd6+ Kd3 50. Nf5 Ra2 51. Be7 Ra1+ 1/2-1/2

[Event "GBR-ch 109th"]
[Site "Leicester"]
[Date "2023.07.28"]
[Round "7"]
[White "Derakhshani, Borna"]
[Black "Smith, Olivia"]
[Result "1-0"]
[WhiteElo "2341"]
[BlackElo "2042"]
[PlyCount "133"]
[EventDate "2023.07.22"]
[EventType "swiss"]
[EventRounds "9"]
[EventCountry "ENG"]
[SourceTitle "CBM 215 Extra"]
[Source "ChessBase"]
[SourceDate "2023.09.30"]
[SourceVersion "1"]
[SourceVersionDate "2023.09.30"]
[SourceQuality "1"]

1. Nf3 d5 2. d4 c5 3. e3 cxd4 4. exd4 Nc6 5. Bd3 Bg4 6. c3 e6 7. Bf4 Bd6 8. Bg3 Nf6 9. Nbd2 Qc7 10. Qc2 0-0-0 11. 0-0-0 Kb8 12. Kb1 Rhe8 13. Rde1 Bh5 14. Qa4 Bxg3 15. hxg3 Bg6 16. Bxg6 hxg6 17. Ne5 Nxe5 18. dxe5 Nd7 19. Qd4 Rh8 20. f4 Nb6 21. Rhf1 Nc4 22. Nb3 Qb6 23. Qxb6 Nxb6 24. Nd4 Rh2 25. Rf2 Rdh8 26. Nf3 Rh1 27. Rfe2 Kc7 28. Ng5 Rxe1+ 29. Rxe1 Rf8 30. Rh1 Kd7 31. Rh7 Nc4 32. Rxg7 Ke7 33. Rh7 Ne3 34. Kc1 a6 35. Rh3 Nc4 36. b3 Na5 37. Kc2 Nc6 38. Kd3 Rc8 39. Rh7 Nd8 40. Rh8 b5 41. Nh7 Kd7 42. Nf6+ Kc6 43. Rf8 a5 44. a3 Ra8 45. g4 Rc8 46. g5 Ra8 47. Re8 Rb8 48. g3 Rc8 49. Kd4 Kb6 50. Kd3 Kc6 51. g4 b4 52. axb4 axb4 53. c4 dxc4+ 54. Kxc4 Rb8 55. Rh8 Kc7 56. Ne8+ Kd7 57. Nd6 Ke7 58. Rh3 Nc6 59. Kc5 Nd8 60. Nb5 Rc8+ 61. Kxb4 Rc1 62. Rc3 Rf1 63. Rc7+ Kf8 64. Rc4 Ke7 65. Nd6 Kd7 66. Kb5 Rd1 67. Kb6 1-0

[Event "GBR-ch 109th"]
[Site "Leicester"]
[Date "2023.07.27"]
[Round "6"]
[White "Boswell, Jacob Connor"]
[Black "Derakhshani, Borna"]
[Result "1/2-1/2"]
[WhiteElo "2163"]
[BlackElo "2341"]
[PlyCount "59"]
[EventDate "2023.07.22"]
[EventType "swiss"]
[EventRounds "9"]
[EventCountry "ENG"]
[SourceTitle "CBM 215 Extra"]
[Source "ChessBase"]
[SourceDate "2023.09.30"]
[SourceVersion "1"]
[SourceVersionDate "2023.09.30"]
[SourceQuality "1"]

1. Nf3 Nf6 2. c4 e6 3. g3 b6 4. Bg2 Bb7 5. 0-0 Be7 6. d4 0-0 7. Re1 d5 8. cxd5 exd5 9. Nc3 Nbd7 10. Bf4 c6 11. Rc1 Re8 12. Ne5 Nh5 13. Bd2 Nxe5 14. dxe5 g6 15. f4 Qd7 16. Qa4 b5 17. Qd4 c5 18. Qf2 b4 19. Nd1 Rac8 20. Ne3 f6 21. Qf3 Rcd8 22. Ng4 Kh8 23. Be3 d4 24. Qxb7 Qxg4 25. exf6 Nxf6 26. Bf2 Bf8 27. Qc6 Re6 28. Qc7 Rd7 29. Qc8 Re8 30. Qc6 1/2-1/2

[Event "GBR-ch 109th"]
[Site "Leicester"]
[Date "2023.07.24"]
[Round "3"]
[White "Derakhshani, Borna"]
[Black "Beaumont, Chris"]
[Result "1-0"]
[WhiteElo "2341"]
[BlackElo "2262"]
[PlyCount "83"]
[EventDate "2023.07.22"]
[EventType "swiss"]
[EventRounds "9"]
[EventCountry "ENG"]
[SourceTitle "CBM 215 Extra"]
[Source "ChessBase"]
[SourceDate "2023.09.30"]
[SourceVersion "1"]
[SourceVersionDate "2023.09.30"]
[SourceQuality "1"]

1. e4 c5 2. Nf3 g6 3. c3 Nc6 4. d4 d5 5. exd5 Qxd5 6. Be2 Bg7 7. c4 Qd8 8. d5 Nd4 9. Nxd4 cxd4 10. Na3 e5 11. dxe6 Bxe6 12. Qa4+ Bd7 13. Nb5 Bc6 14. Qa3 Bxb5 15. cxb5 Ne7 16. Bg5 h6 17. Bh4 g5 18. Bg3 0-0 19. Bd3 Nd5 20. 0-0 Qd7 21. Rfe1 Rfd8 22. Rad1 a5 23. bxa6 bxa6 24. Qa5 Nf4 25. Bxf4 gxf4 26. Re4 Qg4 27. Rde1 Qg5 28. Qd2 f3 29. Qxg5 hxg5 30. gxf3 a5 31. f4 gxf4 32. Rxf4 Rd7 33. Rfe4 Kf8 34. Rc1 Bf6 35. Rc6 Be7 36. Rh6 Kg7 37. Rh7+ Kf6 38. Rf4+ Ke5 39. Rfxf7 Rg8+ 40. Kf1 Kd6 41. Rh6+ Kc5 42. Re6 1-0

[Event "GBR-ch 109th"]
[Site "Leicester"]
[Date "2023.07.23"]
[Round "2"]
[White "Volovich, Julia"]
[Black "Derakhshani, Borna"]
[Result "1/2-1/2"]
[WhiteElo "1811"]
[BlackElo "2341"]
[PlyCount "86"]
[EventDate "2023.07.22"]
[EventType "swiss"]
[EventRounds "9"]
[EventCountry "ENG"]
[SourceTitle "CBM 215 Extra"]
[Source "ChessBase"]
[SourceDate "2023.09.30"]
[SourceVersion "1"]
[SourceVersionDate "2023.09.30"]
[SourceQuality "1"]

1. d4 d5 2. c4 e6 3. Nc3 Nf6 4. cxd5 exd5 5. Bg5 c6 6. e3 Be7 7. Bd3 Nbd7 8. h3 Nf8 9. Qc2 Ng6 10. Nf3 Qd6 11. 0-0 0-0 12. Nh4 Ng4 13. hxg4 Bxg5 14. Nf5 Bxf5 15. gxf5 Nh8 16. e4 dxe4 17. Nxe4 Qh6 18. Nxg5 Qxg5 19. Rfe1 Rfd8 20. Re4 g6 21. Rae1 gxf5 22. Re5 Ng6 23. Rxf5 Qg4 24. Re4 Qxf5 25. Re8+ Rxe8 26. Bxf5 Rad8 27. Qa4 a6 28. Qb4 b5 29. Qc3 Rd6 30. g3 Red8 31. Be4 Ne7 32. Qe3 Rxd4 33. Bxh7+ Kxh7 34. Qxe7 R8d7 35. Qa3 Rd2 36. Qxa6 Rc2 37. Qc8 Rdd2 38. Qf5+ Kg7 39. Qg5+ Kf8 40. Qh6+ Ke7 41. Qg5+ Kd7 42. Qf5+ Ke8 43. Qe5+ Kf8 1/2-1/2

[Event "GBR-ch 109th"]
[Site "Leicester"]
[Date "2023.07.22"]
[Round "1"]
[White "Derakhshani, Borna"]
[Black "Merriman, James"]
[Result "1-0"]
[WhiteElo "2341"]
[BlackElo "2067"]
[PlyCount "97"]
[EventDate "2023.07.22"]
[EventType "swiss"]
[EventRounds "9"]
[EventCountry "ENG"]
[SourceTitle "CBM 215 Extra"]
[Source "ChessBase"]
[SourceDate "2023.09.30"]
[SourceVersion "1"]
[SourceVersionDate "2023.09.30"]
[SourceQuality "1"]

1. e4 e6 2. d4 d5 3. Nc3 Nf6 4. e5 Nfd7 5. f4 c5 6. Nf3 Nc6 7. Be3 a6 8. a3 b5 9. dxc5 Bxc5 10. Bxc5 Nxc5 11. b4 Nd7 12. Bd3 Qc7 13. Qd2 Nb6 14. 0-0 Nc4 15. Qe1 h6 16. Kh1 0-0 17. Ne2 f5 18. Ned4 Bd7 19. Nb3 a5 20. c3 Ra7 21. Nc5 Rfa8 22. Bxc4 bxc4 23. Rb1 axb4 24. axb4 Ra2 25. Qe3 Nd8 26. Nd4 Kf7 27. Qf3 Be8 28. g4 fxg4 29. Qxg4 Qe7 30. Rg1 Kg8 31. Ncxe6 Nxe6 32. Nxe6 Bh5 33. Qxg7+ Qxg7 34. Rxg7+ Kh8 35. Rg3 Rf2 36. Nd4 Raa2 37. f5 Rxh2+ 38. Kg1 Rh4 39. Rg2 Rxg2+ 40. Kxg2 Rg4+ 41. Kh3 Re4 42. b5 Re3+ 43. Kh4 Rxc3 44. Kxh5 Rh3+ 45. Kg6 Rd3 46. b6 Rxd4 47. b7 Rg4+ 48. Kf6 Rg8 49. b8Q 1-0

[Event "Stafford Wood Green Blitz op"]
[Site "Stafford"]
[Date "2023.07.16"]
[Round "4.4"]
[White "Derakhshani, Borna"]
[Black "Gordon, Frederick"]
[Result "1-0"]
[WhiteElo "2286"]
[BlackElo "2321"]
[PlyCount "77"]
[EventDate "2023.07.16"]
[EventType "swiss"]
[EventRounds "9"]
[EventCountry "ENG"]
[SourceTitle "CBM 215 Extra"]
[Source "ChessBase"]
[SourceDate "2023.09.30"]
[SourceVersion "1"]
[SourceVersionDate "2023.09.30"]
[SourceQuality "1"]

1. e4 c5 2. Nf3 Nc6 3. d4 cxd4 4. Nxd4 Nf6 5. Nc3 e5 6. Ndb5 d6 7. Nd5 Nxd5 8. exd5 Nb8 9. a4 Be7 10. Be2 0-0 11. 0-0 Nd7 12. Be3 a6 13. Na3 a5 14. Nc4 b6 15. f4 Ba6 16. b3 Bxc4 17. Bxc4 f5 18. fxe5 Nxe5 19. Bb5 Bg5 20. Bd4 Qf6 21. Re1 Rab8 22. c3 Qh6 23. Bxe5 dxe5 24. d6 Bd2 25. Rxe5 Bxc3 26. Qd5+ Kh8 27. Rd1 Bxe5 28. Qxe5 Rbc8 29. Qe7 Qh5 30. Re1 f4 31. d7 Rb8 32. Qe8 f3 33. Qxh5 f2+ 34. Kf1 fxe1Q+ 35. Kxe1 Rbd8 36. Qe5 h6 37. Qc7 Kh7 38. Qxb6 g5 39. Qxa5 1-0

[Event "Stafford Wood Green Blitz op"]
[Site "Stafford"]
[Date "2023.07.16"]
[Round "1.1"]
[White "Ghasi, Ameet K"]
[Black "Derakhshani, Borna"]
[Result "1/2-1/2"]
[WhiteElo "2555"]
[BlackElo "2286"]
[PlyCount "139"]
[EventDate "2023.07.16"]
[EventType "swiss"]
[EventRounds "9"]
[EventCountry "ENG"]
[SourceTitle "CBM 215 Extra"]
[Source "ChessBase"]
[SourceDate "2023.09.30"]
[SourceVersion "1"]
[SourceVersionDate "2023.09.30"]
[SourceQuality "1"]

1. c4 c6 2. d4 d5 3. e3 Nf6 4. Nf3 e6 5. Nc3 Nbd7 6. b3 Bb4 7. Bd2 0-0 8. a3 Bd6 9. Qc2 b6 10. Bd3 Bb7 11. 0-0 Re8 12. e4 dxe4 13. Nxe4 Nxe4 14. Bxe4 Nf6 15. Bg5 h6 16. Bxf6 Qxf6 17. c5 Bc7 18. cxb6 Bxb6 19. Rfd1 Rac8 20. b4 Red8 21. Qc4 Qf4 22. Qe2 Ba6 23. Qe3 Qf6 24. Rac1 Bb5 25. g3 a5 26. bxa5 Bxa5 27. Ne5 Rd6 28. Bc2 Bb6 29. Qe4 g6 30. a4 Ba6 31. Bd3 Rxd4 32. Qe2 Bxd3 33. Rxd3 Rxa4 34. Rf3 Qg5 35. Rxc6 Rxc6 36. Nxf7 Qh5 37. Ne5 Qh3 38. Qd1 Rd4 39. Qb1 Qh5 40. Nxc6 Qxf3 41. Qxg6+ Kf8 42. Qxh6+ Ke8 43. Qxe6+ Kf8 44. Qe7+ Kg8 45. Nxd4 Qd1+ 46. Kg2 Qxd4 47. Qe6+ Kg7 48. Qe7+ Kg8 49. Qe8+ Kg7 50. Qe2 Qd5+ 51. Qf3 Qd4 52. h4 Bd8 53. Qb7+ Kg8 54. Qc6 Bf6 55. Qe6+ Kg7 56. Qf5 Qd2 57. h5 Qd6 58. Kh3 Qd4 59. f4 Kf7 60. Qg6+ Ke7 61. Qh7+ Ke6 62. Qg8+ Ke7 63. Qh7+ Ke6 64. Qg6 Qd1 65. Qe4+ Kf7 66. Qc4+ Kg7 67. Qb5 Qh1+ 68. Kg4 Qd1+ 69. Kh3 Qh1+ 70. Kg4 1/2-1/2

[Event "Las Vegas 1000 GM op"]
[Site "Las Vegas"]
[Date "2023.06.11"]
[Round "7"]
[White "Homa, Seth"]
[Black "Derakhshani, Borna"]
[Result "1-0"]
[WhiteElo "2219"]
[BlackElo "2352"]
[PlyCount "65"]
[EventDate "2023.06.08"]
[EventType "swiss"]
[EventRounds "9"]
[EventCountry "USA"]
[SourceTitle "CBM 214 Extra"]
[Source "ChessBase"]
[SourceDate "2023.07.31"]
[SourceVersion "1"]
[SourceVersionDate "2023.07.31"]
[SourceQuality "1"]

1. d4 d5 2. Nf3 Nf6 3. Bf4 c5 4. e3 Nc6 5. Nbd2 Nh5 6. dxc5 Nxf4 7. exf4 e6 8. Nb3 Bxc5 9. Nxc5 Qa5+ 10. c3 Qxc5 11. Bd3 h6 12. 0-0 0-0 13. Qe2 Rb8 14. a4 b6 15. Rfe1 Bb7 16. Rad1 Rbd8 17. Bb1 Rfe8 18. Nd4 Qd6 19. Qd3 g6 20. Qg3 Kg7 21. h4 h5 22. Re3 Ba6 23. Rde1 Nxd4 24. cxd4 Bc8 25. Re5 Rh8 26. Bxg6 fxg6 27. f5 Rh6 28. Qg5 Re8 29. f6+ Kh7 30. Rxd5 Qb4 31. Rc1 Qf8 32. Rc7+ Kh8 33. f7 1-0

[Event "Las Vegas 1000 GM op"]
[Site "Las Vegas"]
[Date "2023.06.10"]
[Round "5"]
[White "Derakhshani, Borna"]
[Black "Rajesh, CS."]
[Result "0-1"]
[WhiteElo "2352"]
[BlackElo "2165"]
[PlyCount "98"]
[EventDate "2023.06.08"]
[EventType "swiss"]
[EventRounds "9"]
[EventCountry "USA"]
[SourceTitle "CBM 214 Extra"]
[Source "ChessBase"]
[SourceDate "2023.07.31"]
[SourceVersion "1"]
[SourceVersionDate "2023.07.31"]
[SourceQuality "1"]

1. Nf3 c5 2. c4 Nc6 3. Nc3 g6 4. e3 Nf6 5. d4 cxd4 6. exd4 d5 7. cxd5 Nxd5 8. Qb3 Nxc3 9. bxc3 Bg7 10. Be2 0-0 11. 0-0 b6 12. Ba3 Bb7 13. Rfe1 Re8 14. Qa4 e6 15. Rad1 a6 16. Nd2 b5 17. Qb3 Na5 18. Qb1 Rc8 19. Bb4 Bd5 20. a4 bxa4 21. Bxa6 Rb8 22. Qd3 Nb3 23. Nxb3 Bxb3 24. Bb5 Bxd1 25. Rxd1 Qb6 26. Bxe8 Rxe8 27. Ra1 Qc6 28. h3 h5 29. Bc5 Bf8 30. Qc4 Ra8 31. Qb4 Bxc5 32. dxc5 e5 33. c4 Kg7 34. Qb5 Qxb5 35. cxb5 Ra5 36. b6 Rxc5 37. Rxa4 Rc1+ 38. Kh2 Rb1 39. Ra6 h4 40. Ra4 g5 41. Ra5 Kf6 42. Ra6 Kf5 43. Ra7 f6 44. Rb7 Kf4 45. Rb8 e4 46. Rb7 Rb2 47. Kg1 e3 48. Re7 Rb1+ 49. Kh2 exf2 0-1